Datum a čas kvízu
27.5
Celkem bodů
Celkový počet nahraných bodů na tomto kvízu bez doplňovacích otázek.
5.
Pořadí na kvízu
Konečné umístění týmu na tomto kvízu.
Zaznamenané odpovědi
| # | Otázka | Odpověď | Body | Výsledky |
|---|---|---|---|---|
| 1. | Kterého současného ministra si... | Petra Macinku | 1 | |
| 2. | Média minulý týden informovala... | D) buddhistického mnicha | 0 | |
| 3. | České herní vývojářské studio... | Pána prstenů (Středozemě) | 1 | |
| 4. | Jedna známá česká firma ve stř... | Kofola | 0 | |
| 5. | Tento úspěšný španělský fotbal... | Guardiola; Manchester City | 1 | |
| 6. | Téma začneme blbounem nejapným... | Nizozemci (Holanďané) | 0 | |
| 7. | Na které fotografii je tetluch... | A) | 0 | |
| 8. | Pro označení osla se dnes v an... | ass | 0 | |
| 9. | U angličtiny ještě zůstaneme.... | sýkora koňadra | 1 | |
| 10. | Poslední název je spíše roztom... | střevíčník pantoflíček | 1 |